Statistics for Name My Neighbours #2

Click here to take the quiz!

General Stats

  • This quiz has been taken 34 times
  • The average score is 30 of 36

Answer Stats

HintAnswer% Correct
France
100%
French Guiana (France)
100%
Argentina
97%
Paraguay
97%
Poland
97%
Venezuela
97%
Belgium
93%
Colombia
93%
Uruguay
93%
Austria
90%
GermanyNetherlands
90%
Peru
90%
Bolivia
87%
Croatia
87%
Denmark
87%
Guyana
87%
Hungary
87%
SerbiaRomania
83%
Bulgaria
80%
Kosovo
80%
Luxembourg
80%
Rwanda
80%
BrazilSuriname
80%
Switzerland
80%
Uganda
80%
Congo Republic
77%
Montenegro
77%
Bosnia and Herzegovina
73%
Central African Republic
73%
Czech Republic
73%
Macedonia
73%
Dem. Rep. CongoBurundi
70%
Zambia
70%
Angola
67%
Tanzania
67%
South Sudan
53%

Score Distribution

Percentile by Number Answered

Percent of People with Each Score

Your Score History

You have not taken this quiz